| 000 | 01233nam0a2200337 4500 | ||
|---|---|---|---|
| 001 | RU\NLR\bibl\1792037 | ||
| 005 | 20260405153339.0 | ||
| 010 |
_a978-5-389-02285-0 _95000 |
||
| 021 |
_aRU _b2011-48480 _93445 |
||
| 035 | _a(nilc)RSL-KNO-004962972 | ||
| 035 | _a(NLR Aleph) 001782739 | ||
| 090 |
_a1707960 _c1707960 |
||
| 100 | _a20110627d2011 |||y0rusy50 ca | ||
| 101 | 1 |
_arus _cjpn |
|
| 102 | _aRU | ||
| 105 | _ay zzzz||||| | ||
| 200 | 1 |
_aЗаписки от скуки _fКэнко-хоси _g[пер. со старояп. и коммент. В. Н. Горегляда] |
|
| 210 |
_aСанкт-Петербург _cАзбука _d2011 |
||
| 215 |
_a216, [2] с. _d18 |
||
| 225 | 1 | _aАзбука-классика | |
| 686 |
_aШ5(5Я)4-624.9 _2rubbk |
||
| 686 | _aШ5(5Я)4-4Кэнко-хоси | ||
| 700 | 0 |
_4070 _8rus _7ca _aКэнко-хоси _f1283-1350 _3RU\NLR\AUTH\7764353 _947282 |
|
| 702 | 1 |
_4730 _8rus _7ca _aГорегляд _bВ. Н. _cяпонист _f1932-2002 _gВладислав Никанорович _3RU\NLR\auth\7747678 _930613 |
|
| 801 | 0 |
_aRU _bRuMoRKP _c20110627 _grcr |
|
| 801 | 1 |
_aRU _bRuMoRGB _c20110627 |
|
| 801 | 2 |
_aRU _bNLR _c20110725 _grcr |
|
| 942 | _cBOOK | ||
| 980 | _aNB | ||
| 980 | _aNBR | ||